Overview of the seven wonders of the ancient world /

The Seven Wonders of the Ancient World: 1. Pyramids of Egypt; 2. Hanging Gardens of Babylon; 3. Statue of Zeus at Olympia; 4. Mausoleum at Halicarnassus; 5. Temple of Artemis (Diana) at Ephesus; 6. Colossus of Rhodes; 7. Pharos (lighthouse) of Alexandria.

Bibliographic Details
Other Authors: Leonard, Melinda (Director), Rafferty, John P. (Narrator)
Format: Video
Language:English
Language Notes:In English.
Published: Chicago, IL : Encyclopedia Britannica, 2013.
Series:Academic Video Online
Subjects:
Online Access:Connect to this streaming video (Alexander Street Press)

MARC

Tag First Indicator Second Indicator Subfields
LEADER 00000cgm a2200000Mi 4500
001 in00005586813
006 m o c
007 cr |n||||||||a
007 vz |za|z|
008 211006s2013 ilu004 e o vneng d
005 20241201234559.8
035 |a (OCoLC)on1336058046 
040 |a ALSTP  |b eng  |e rda  |c ALSTP  |d OCLCF  |d OCLCO  |d DXU 
019 |a 1373529159  |a 1443943075 
035 |a (OCoLC)1336058046  |z (OCoLC)1373529159  |z (OCoLC)1443943075 
049 |a TXAM 
245 0 0 |a Overview of the seven wonders of the ancient world /  |c [John P. Rafferty, narrator] ; [Melinda Leonard, director]. 
264 1 |a Chicago, IL :  |b Encyclopedia Britannica,  |c 2013. 
300 |a 1 online resource (4 minutes) 
306 |a 000319 
336 |a two-dimensional moving image  |b tdi  |2 rdacontent 
337 |a computer  |b c  |2 rdamedia 
337 |a video  |b v  |2 rdamedia 
338 |a online resource  |b cr  |2 rdacarrier 
347 |a video file  |2 rdaft 
490 0 |a Academic Video Online 
500 |a Title from resource description page (viewed June 8, 2022). 
520 |a The Seven Wonders of the Ancient World: 1. Pyramids of Egypt; 2. Hanging Gardens of Babylon; 3. Statue of Zeus at Olympia; 4. Mausoleum at Halicarnassus; 5. Temple of Artemis (Diana) at Ephesus; 6. Colossus of Rhodes; 7. Pharos (lighthouse) of Alexandria. 
546 |a In English. 
650 0 |a Seven Wonders of the World. 
650 6 |a Sept merveilles du monde. 
650 7 |a Seven Wonders of the World  |2 fast 
655 7 |a documentary film.  |2 aat 
655 7 |a Documentary films  |2 fast 
655 7 |a Educational films  |2 fast 
655 7 |a Short films  |2 fast 
655 7 |a Educational films.  |2 lcgft 
655 7 |a Documentary films.  |2 lcgft 
655 7 |a Short films.  |2 lcgft 
655 7 |a Films éducatifs.  |2 rvmgf 
655 7 |a Documentaires.  |2 rvmgf 
655 7 |a Courts métrages.  |2 rvmgf 
700 1 |a Leonard, Melinda,  |e director. 
700 1 |a Rafferty, John P.,  |e narrator. 
710 2 |a Encyclopaedia Britannica, Inc.,  |e publisher. 
856 4 0 |u http://proxy.library.tamu.edu/login?url=https://www.aspresolver.com/aspresolver.asp?MARC;5136402  |z Connect to this streaming video (Alexander Street Press)  |t 0 
955 |a Alexander Street Press subscription streaming video 
994 |a 92  |b TXA 
999 f f |s 005be62e-82a8-44a0-a77e-77fc07faf43c  |i 0b8418fb-c32a-46a8-8493-659f969cf73a  |t 0 
952 f f |a Texas A&M University  |b College Station  |c Electronic Resources  |d Available Online  |t 0  |h Library of Congress classification 
998 f f |t 0  |l Available Online